[Event "SR 3. liga A2 2017/2018"]
[Site "?"]
[Date "2017.10.22"]
[Round "2.2"]
[White "Liptak, Tomas"]
[Black "Bisco, Igor"]
[Result "1-0"]
[WhiteElo "2217"]
[BlackElo "2080"]
[PlyCount "61"]
[EventDate "2017.??.??"]

1. e4 e5 2. Nf3 Nc6 3. d4 exd4 4. Nxd4 Bc5 5. Nb3 Bb6 6. g3 Nf6 7. Bg2 d6 8. h3
O-O 9. O-O Re8 10. Nc3 h6 11. Re1 a6 12. Be3 Bxe3 13. Rxe3 Be6 14. f4 Qd7 15.
Kh2 Rad8 16. Rd3 Bxb3 17. cxb3 Qe7 18. a3 Na5 19. b4 Nc4 20. Qc2 c6 21. Qf2 Qc7
22. Rad1 b5 23. b3 Nb6 24. a4 bxa4 25. bxa4 d5 26. a5 Nc4 27. exd5 cxd5 28.
Nxd5 Nxd5 29. Bxd5 Rxd5 30. Rxd5 Ne3 31. Re1 1-0

[Event "SR 3. liga A2 2017/2018"]
[Site "?"]
[Date "2017.10.22"]
[Round "2.2"]
[White "Cebo, Vladimir"]
[Black "Kovacocy, Pavol"]
[Result "0-1"]
[WhiteElo "1670"]
[BlackElo "2243"]
[PlyCount "62"]
[EventDate "2017.??.??"]

1. c4 g6 2. d4 Bg7 3. Nc3 c5 4. Nf3 cxd4 5. Nxd4 Nc6 6. e3 Nf6 7. Be2 O-O 8.
O-O Nxd4 9. exd4 d5 10. cxd5 Nxd5 11. Bf3 Nxc3 12. bxc3 Qc7 13. Bb2 Be6 14. d5
Bd7 15. Re1 Bb5 16. Qb3 Bc4 17. Qb4 Rfe8 18. a4 a5 19. Qa3 Be5 20. Bc1 Bxh2+
21. Kh1 Rad8 22. Rd1 Be5 23. Be3 Ba6 24. Rac1 Qc4 25. g3 Bd6 26. Qa1 Bc5 27.
Bxc5 Qxc5 28. Kg2 Bc4 29. Rd4 Bxd5 30. Rf4 e5 31. Rh4 Bxf3+ 0-1

[Event "SR 3. liga A2 2017/2018"]
[Site "?"]
[Date "2017.10.22"]
[Round "2.2"]
[White "Vagovsky, Jozef"]
[Black "Barca, Michal"]
[Result "1/2-1/2"]
[WhiteElo "1802"]
[BlackElo "1732"]
[PlyCount "33"]
[EventDate "2017.??.??"]

1. d4 Nf6 2. Nf3 e6 3. Bf4 Be7 4. e3 O-O 5. Bd3 d6 6. h3 Nbd7 7. Nbd2 b6 8. O-O
Bb7 9. e4 Re8 10. c3 Nf8 11. Qe2 Ng6 12. Be3 e5 13. d5 a6 14. Nh2 Bf8 15. Bg5
h6 16. Bxf6 Qxf6 17. Ng4 1/2-1/2

[Event "SR 3. liga A2 2017/2018"]
[Site "?"]
[Date "2017.10.22"]
[Round "2.2"]
[White "Janas, Peter"]
[Black "Markuliak, Mario"]
[Result "0-1"]
[WhiteElo "1737"]
[BlackElo "1883"]
[PlyCount "78"]
[EventDate "2017.??.??"]

1. Nf3 d6 2. c4 Nd7 3. d4 e5 4. dxe5 Nxe5 5. Nxe5 dxe5 6. Qxd8+ Kxd8 7. Nc3 c6
8. e4 Be6 9. Be3 Kc7 10. a3 Nf6 11. f3 Nd7 12. Be2 Bc5 13. Bxc5 Nxc5 14. O-O
Nb3 15. Rad1 Rhd8 16. Nb1 Rd4 17. Rxd4 Nxd4 18. Bd3 Rd8 19. b4 Nb3 20. Be2 Nd2
21. Rc1 Nxb1 22. Rxb1 Rd2 23. Kf1 Ra2 24. Rb3 Rxe2 25. Kxe2 Bxc4+ 26. Rd3 Kb6
27. Kd2 Bxd3 28. Kxd3 Kb5 29. Kc3 Ka4 30. Kb2 a5 31. bxa5 Kxa5 32. Kb3 b5 33.
h3 c5 34. Kc3 Ka4 35. Kb2 c4 36. Ka2 c3 37. h4 g6 38. g3 h6 39. f4 f6 0-1

[Event "SR 3. liga A2 2017/2018"]
[Site "?"]
[Date "2017.10.22"]
[Round "2.2"]
[White "Vlkovic, Pavol"]
[Black "Tupy, Emil"]
[Result "1-0"]
[WhiteElo "1802"]
[BlackElo "1664"]
[PlyCount "129"]
[EventDate "2017.??.??"]

1. e4 e6 2. d3 d5 3. Qe2 Qe7 4. Nf3 Nc6 5. c3 h6 6. e5 a6 7. a4 Bd7 8. b4 g6 9.
d4 Na7 10. Qc2 Qd8 11. Bd3 Ne7 12. h4 b5 13. a5 Rg8 14. Nbd2 Qc8 15. Nb3 Nac6
16. Bd2 Bg7 17. O-O-O Nd8 18. Nh2 h5 19. Nc5 Nb7 20. Nxd7 Qxd7 21. g4 Rh8 22.
Bg5 Bh6 23. f4 Bxg5 24. hxg5 O-O-O 25. Rdf1 hxg4 26. Nxg4 Rxh1 27. Rxh1 Kb8 28.
Rh7 Rf8 29. Qh2 Nf5 30. Rh8 Rxh8 31. Qxh8+ Ka7 32. Kd2 Qe7 33. Qf6 Qxf6 34.
exf6 Nd8 35. Ne5 c6 36. Bxf5 exf5 37. Nd7 Kb7 38. Ke3 Ka7 39. Nc5 Nb7 40. Ne6
Nd6 41. Nd8 Kb8 42. Nxc6+ Kc7 43. Ne7 Nc4+ 44. Ke2 Kd6 45. Kd3 Nb2+ 46. Kd2
Nc4+ 47. Ke2 Ke6 48. Nc6 Kd7 49. Nb8+ Kc7 50. Nxa6+ Kc6 51. Nc5 Nd6 52. Nd3 Kc7
53. Nf2 Kc6 54. Nd1 Ne4 55. Kd3 Nd6 56. Ne3 Nc8 57. Ng2 Nd6 58. Nh4 Kb7 59. Nf3
Kc6 60. Ne5+ Kb7 61. Nd7 Kc6 62. a6 Nc8 63. Ne5+ Kb6 64. Nxf7 Kxa6 65. Nh8 1-0

[Event "SR 3. liga A2 2017/2018"]
[Site "?"]
[Date "2017.10.22"]
[Round "2.2"]
[White "Jancicka, Viliam"]
[Black "Hornak, Pavol"]
[Result "1/2-1/2"]
[WhiteElo "1631"]
[BlackElo "1781"]
[PlyCount "115"]
[EventDate "2017.??.??"]

1. Nf3 Nf6 2. d4 g6 3. c4 d5 4. Bf4 Bg7 5. Nc3 O-O 6. e3 e6 7. Qc2 c6 8. c5 Re8
9. h4 Nbd7 10. Be2 h6 11. Ne5 Nh7 12. b4 Nxe5 13. dxe5 a5 14. b5 Qe7 15. Na4
Nf8 16. Nb6 Ra7 17. Rc1 Nd7 18. Nxd7 Qxd7 19. b6 Ra8 20. g4 Rd8 21. O-O Qe7 22.
g5 h5 23. Rfd1 Bf8 24. a4 Rd7 25. Bg3 Kg7 26. Rd4 Qe8 27. Qd3 Be7 28. Kg2 Qf8
29. Qc3 Rd8 30. f4 Bd7 31. Bf3 Rac8 32. e4 Qh8 33. Bf2 Re8 34. Rd2 Red8 35. Bd4
Qf8 36. Qe3 Rb8 37. Rf2 Ra8 38. Be2 dxe4 39. Qxe4 Bc8 40. Bf3 Kg8 41. Qe3 Qe8
42. Rd2 Qf8 43. Qc3 Rd5 44. Bxd5 exd5 45. Rf2 Bf5 46. Kg3 Qc8 47. Rh2 Be4 48.
Qe3 Qf5 49. Rc3 Qg4+ 50. Kf2 Qd1 51. Ra3 Qc2+ 52. Kg3 Qd1 53. Raa2 Qg4+ 54. Kf2
Qf5 55. Ke1 Bb1 56. Rab2 Be4 57. Kd2 Kf8 58. Kc3 1/2-1/2

[Event "SR 3. liga A2 2017/2018"]
[Site "?"]
[Date "2017.10.22"]
[Round "2.2"]
[White "Kavuljak, Alojz"]
[Black "Cerny, Patrik"]
[Result "1-0"]
[WhiteElo "1653"]
[BlackElo "1422"]
[PlyCount "63"]
[EventDate "2017.??.??"]

1. e4 e5 2. Nf3 Nc6 3. d4 exd4 4. Nxd4 Bc5 5. Be3 Qf6 6. c3 Nge7 7. Be2 d6 8.
O-O Bd7 9. Nb5 O-O-O 10. Bxc5 dxc5 11. Qc2 h5 12. Nd2 h4 13. h3 Bxh3 14. gxh3
Qg5+ 15. Bg4+ f5 16. Nf3 Qf4 17. exf5 Kb8 18. Rad1 Rdf8 19. Qd2 Qa4 20. Na3
Nxf5 21. Qg5 Nh6 22. Nh2 Rf4 23. c4 Rhf8 24. Qxg7 Nxg4 25. Nxg4 Rf3 26. Kg2 Qb4
27. Rd3 R8f7 28. Qc3 Qb6 29. Nc2 Nb4 30. Nxb4 cxb4 31. Qd4 c5 32. Qd6+ 1-0

[Event "SR 3. liga A2 2017/2018"]
[Site "?"]
[Date "2017.10.22"]
[Round "2.3"]
[White "Sturdik, Igor"]
[Black "Sefcik, Marek"]
[Result "1/2-1/2"]
[WhiteElo "1961"]
[BlackElo "1998"]
[PlyCount "94"]
[EventDate "2017.??.??"]

1. e4 c5 2. Nf3 e6 3. d4 cxd4 4. Nxd4 Bc5 5. Nb3 Bb6 6. Bd3 Nc6 7. O-O Nge7 8.
Nc3 O-O 9. Qe2 f5 10. Na4 Bc7 11. f4 fxe4 12. Bxe4 d5 13. Bd3 Nb4 14. Bd2 Nxd3
15. Qxd3 Qe8 16. Nc3 Nf5 17. Rae1 Qg6 18. Ne2 Bb6+ 19. Kh1 Nd6 20. Qxg6 hxg6
21. Ng3 Nc4 22. Bc1 Bd7 23. c3 Kf7 24. Nd4 Bxd4 25. cxd4 Bb5 26. Rf3 a5 27. Rc3
Rfc8 28. b3 Nd6 29. Bd2 a4 30. Rxc8 Nxc8 31. b4 Bc4 32. a3 Nd6 33. Bc1 Rc8 34.
Bb2 Bd3 35. Rc1 Nc4 36. Rc3 Bb1 37. Kg1 Rc6 38. Bc1 Ke7 39. Nf1 Nd6 40. Rxc6
bxc6 41. Ne3 Bf5 42. Kf1 Kd7 43. Ke1 Kc7 44. Ke2 Kb6 45. g3 Kb5 46. Ke1 Nc4 47.
Nd1 Nb6 1/2-1/2

[Event "SR 3. liga A2 2017/2018"]
[Site "?"]
[Date "2017.10.22"]
[Round "2.3"]
[White "Jakubec, Milan"]
[Black "Bukovsky, Milan"]
[Result "0-1"]
[WhiteElo "2079"]
[BlackElo "1909"]
[PlyCount "110"]
[EventDate "2017.??.??"]

1. e4 e5 2. Nf3 Nc6 3. Bc4 Nf6 4. d3 d6 5. c3 Be7 6. O-O O-O 7. b4 a6 8. h3 h6
9. Nh4 d5 10. exd5 Nxd5 11. Nf3 Be6 12. Re1 Bf6 13. a3 Nxc3 14. Qc2 Bxc4 15.
dxc4 e4 16. Nxc3 exf3 17. Rd1 Nd4 18. Qe4 Re8 19. Qg4 Ne2+ 20. Kh1 Qc8 21. Qxf3
Nxc3 22. Rf1 Ne2 23. Be3 Bxa1 24. Rxa1 Rxe3 25. fxe3 Nc3 26. e4 Na4 27. c5 Qe6
28. Rd1 Nb2 29. Rd4 Nc4 30. Qd3 Ne5 31. Rd8+ Rxd8 32. Qxd8+ Kh7 33. Qxc7 Kg6
34. Qxb7 Kg5 35. Qd5 Kf4 36. Qd4 f6 37. Kh2 Qa2 38. Qc3 Kxe4 39. Qg3 g5 40.
Qe1+ Kd5 41. Qd1+ Ke4 42. Qe1+ Kd4 43. Qd1+ Kc3 44. Qc1+ Qc2 45. Qf1 f5 46. c6
Nxc6 47. Qxa6 Ne5 48. Qf1 f4 49. Kh1 Nd3 50. b5 Qb2 51. a4 h5 52. Qf3 g4 53.
hxg4 hxg4 54. Qc6+ Kd2 55. Qd7 g3 0-1

[Event "SR 3. liga A2 2017/2018"]
[Site "?"]
[Date "2017.10.22"]
[Round "2.3"]
[White "Bahna, Jan"]
[Black "Hirmajer, Jan"]
[Result "0-1"]
[WhiteElo "1855"]
[BlackElo "1923"]
[PlyCount "124"]
[EventDate "2017.??.??"]

1. e4 c5 2. Nc3 Nc6 3. g3 g6 4. Bg2 Bg7 5. d3 d6 6. Nge2 Bg4 7. h3 Bd7 8. O-O
Nf6 9. Be3 O-O 10. Qd2 Re8 11. Bh6 Bh8 12. f4 e6 13. g4 Nd4 14. Ng3 Bc6 15. Nd1
Qb6 16. c3 Nb5 17. Ne3 d5 18. g5 Nd7 19. exd5 exd5 20. Nxd5 Qd8 21. Rae1 Bxd5
22. Bxd5 Qc7 23. Qf2 Nb6 24. Bb3 Nd6 25. Ne4 Nxe4 26. dxe4 a5 27. a3 Re7 28.
Bd1 Rd8 29. Bg4 Nc4 30. e5 Nd2 31. Re2 Nxf1 32. Kxf1 Qc6 33. Kg1 Bg7 34. Bxg7
Kxg7 35. Qe3 Rd1+ 36. Re1 Rxe1+ 37. Qxe1 Qd5 38. Qe3 b6 39. Bf3 Qd8 40. Bg4 Qc7
41. Kf2 b5 42. Qd3 Qc6 43. Qd6 Rc7 44. Qf6+ Qxf6 45. gxf6+ Kf8 46. Ke3 b4 47.
axb4 cxb4 48. Kd3 bxc3 49. bxc3 a4 50. Kc2 a3 51. Kb3 Ra7 52. Ka2 Rc7 53. Kxa3
h5 54. Kb4 hxg4 55. hxg4 Ke8 56. c4 Kd7 57. f5 gxf5 58. gxf5 Rb7+ 59. Kc5 Rb1
60. e6+ fxe6 61. f7 Ke7 62. fxe6 Rf1 0-1

[Event "SR 3. liga A2 2017/2018"]
[Site "?"]
[Date "2017.10.22"]
[Round "2.3"]
[White "Horak, Ivan"]
[Black "Krist, Milan"]
[Result "1-0"]
[WhiteElo "2010"]
[BlackElo "1817"]
[PlyCount "71"]
[EventDate "2017.??.??"]

1. e4 e6 2. d4 d5 3. Nd2 c5 4. exd5 exd5 5. Ngf3 Nf6 6. Bb5+ Nc6 7. O-O a6 8.
Re1+ Be7 9. Bxc6+ bxc6 10. dxc5 O-O 11. b4 Bg4 12. Bb2 Re8 13. Bd4 Bf8 14. Rxe8
Nxe8 15. h3 Bh5 16. Qe2 Nc7 17. Re1 Ne6 18. c3 a5 19. a3 Ra7 20. Be5 axb4 21.
axb4 Re7 22. Qf1 Re8 23. Nd4 Nxd4 24. Bxd4 f6 25. Nb3 Rxe1 26. Qxe1 Qe7 27. Qa1
Be2 28. Qa8 Bb5 29. Na5 Qd7 30. Be3 Kf7 31. Nb3 Qe8 32. Qb7+ Qe7 33. Qb6 Qd7
34. Nd4 Be7 35. Nxb5 cxb5 36. c6 1-0

[Event "SR 3. liga A2 2017/2018"]
[Site "?"]
[Date "2017.10.22"]
[Round "2.3"]
[White "Babirat, Michal"]
[Black "Zlamal, Marek"]
[Result "0-1"]
[WhiteElo "1830"]
[BlackElo "1816"]
[PlyCount "48"]
[EventDate "2017.??.??"]

1. c4 e5 2. Nc3 c5 3. g3 Nc6 4. Bg2 d6 5. e3 Nf6 6. Nge2 Bf5 7. d3 Be7 8. O-O
O-O 9. a3 Qd7 10. d4 exd4 11. exd4 Bh3 12. Be3 cxd4 13. Nxd4 Ne5 14. Qe2 Bxg2
15. Kxg2 d5 16. cxd5 Nxd5 17. Bd2 Bf6 18. Ne4 Rfe8 19. Nxf6+ Nxf6 20. Bc3 Qd5+
21. Kg1 Ne4 22. Rfd1 Ng5 23. Qh5 Nef3+ 24. Kf1 Nxd4 0-1

[Event "SR 3. liga A2 2017/2018"]
[Site "?"]
[Date "2017.10.22"]
[Round "2.3"]
[White "Husek, Lubomir"]
[Black "Holicky, Miroslav"]
[Result "1-0"]
[WhiteElo "1833"]
[BlackElo "1788"]
[PlyCount "175"]
[EventDate "2017.??.??"]

1. e4 d5 2. exd5 Qxd5 3. Nc3 Qd8 4. d4 Nf6 5. Be2 c6 6. Nf3 Bf5 7. O-O e6 8.
Re1 Bb4 9. Bd2 a5 10. a3 Bd6 11. Bg5 h6 12. Bh4 Nbd7 13. Qd2 g5 14. Bg3 Bxg3
15. hxg3 Qb6 16. Rab1 O-O-O 17. b4 e5 18. Na4 Qa7 19. bxa5 e4 20. Nb6+ Kc7 21.
Nh2 Rhe8 22. Qc3 e3 23. f3 Nb8 24. Rb5 Be6 25. Reb1 Nd5 26. Nxd5+ Rxd5 27.
Rxb7+ Qxb7 28. Rxb7+ Kxb7 29. Qb4+ Ka8 30. Nf1 Bc8 31. Qc3 Red8 32. Nxe3 Rxd4
33. Nc4 Be6 34. Nb6+ Kb7 35. Bd3 f5 36. Qb2 Ka7 37. Qc3 Kb7 38. Qc5 R8d6 39.
Nc4 Bxc4 40. Bxc4 Nd7 41. Qb4+ Ka7 42. Qb3 Rd1+ 43. Kh2 Re1 44. Bd3 Re5 45. Qc3
Rc5 46. Qb4 Rdd5 47. a6 Rb5 48. Bxb5 Rxb5 49. Qd4+ Nc5 50. c4 Ra5 51. Qd8 Kxa6
52. Qc7 Nb7 53. Qxc6+ Ka7 54. Qxh6 g4 55. Qe3+ Rc5 56. fxg4 fxg4 57. Qd4 Ka6
58. Qxg4 Na5 59. Qe6+ Rc6 60. Qe8 Rxc4 61. Qa8+ Kb6 62. Qb8+ Nb7 63. Qe8 Rc5
64. g4 Nd6 65. Qe6 Kc6 66. a4 Ra5 67. Qb3 Rg5 68. Kh3 Kd7 69. Qe3 Rg8 70. Qe5
Rg6 71. a5 Rh6+ 72. Kg3 Re6 73. Qd4 Re4 74. Qd5 Re3+ 75. Kf4 Ra3 76. Kg5 Re3
77. Qd4 Re6 78. Qg7+ Re7 79. Qd4 Re4 80. Qb6 Re5+ 81. Kh4 Rb5 82. Qa7+ Rb7 83.
Qd4 Rb5 84. a6 Kc6 85. a7 Ra5 86. Qc3+ Kb6 87. Qf6 Kc6 88. Qf3+ 1-0

[Event "SR 3. liga A2 2017/2018"]
[Site "?"]
[Date "2017.10.22"]
[Round "2.3"]
[White "Suchan, Jozef"]
[Black "Hrubos, Milan"]
[Result "1/2-1/2"]
[WhiteElo "1751"]
[BlackElo "1787"]
[PlyCount "130"]
[EventDate "2017.??.??"]

1. d4 d5 2. c4 c6 3. e3 Nf6 4. Nf3 e6 5. Bd3 dxc4 6. Bxc4 b5 7. Bd3 Bb7 8. O-O
Nbd7 9. a3 a6 10. Nc3 c5 11. Qe2 cxd4 12. exd4 Be7 13. Bf4 O-O 14. Rfd1 Re8 15.
Rac1 Rc8 16. Ne5 g6 17. Bb1 Nb6 18. Ba2 Nbd5 19. Bh6 Bf8 20. Bg5 Qb6 21. Rd3
Bg7 22. Ng4 Nxg4 23. Qxg4 Nxc3 24. bxc3 Qd6 25. c4 bxc4 26. Bxc4 h5 27. Qf4
Qxf4 28. Bxf4 Red8 29. Be3 Rc6 30. h3 Rcd6 31. Rcd1 Bd5 32. Bxd5 Rxd5 33. R3d2
Ra5 34. Rd3 Bf8 35. Bc1 Rad5 36. Be3 e5 37. R3d2 exd4 38. Rd3 Bxa3 39. Rxa3
dxe3 40. Rxd5 exf2+ 41. Kxf2 Rxd5 42. Rxa6 h4 43. Ra4 g5 44. Rg4 Kh7 45. Kf1
Kh6 46. Rc4 Kg6 47. Rc6+ Kf5 48. Rh6 Kf4 49. Rb6 f5 50. Rb4+ Ke3 51. Ke1 Rd4
52. Rb2 g4 53. hxg4 fxg4 54. Re2+ Kf4 55. Kf2 Rd3 56. Re1 h3 57. gxh3 Rxh3 58.
Rg1 Rh2+ 59. Rg2 g3+ 60. Kg1 Rh7 61. Rb2 Re7 62. Rb4+ Kf3 63. Rb3+ Re3 64.
Rxe3+ Kxe3 65. Kg2 Kf4 1/2-1/2

[Event "SR 3. liga A2 2017/2018"]
[Site "?"]
[Date "2017.10.22"]
[Round "2.3"]
[White "Stehlik, Jan"]
[Black "Drahos, Miroslav"]
[Result "1/2-1/2"]
[WhiteElo "1607"]
[BlackElo "1720"]
[PlyCount "39"]
[EventDate "2017.??.??"]

1. e4 e5 2. Nf3 Nc6 3. Bc4 Nf6 4. Ng5 d5 5. exd5 Na5 6. Bb5+ c6 7. dxc6 bxc6 8.
Be2 h6 9. Nf3 e4 10. Ne5 Bd6 11. d4 exd3 12. Nxd3 O-O 13. O-O Qc7 14. h3 Rb8
15. Nc3 Re8 16. Re1 Be6 17. b3 a6 18. Bb2 c5 19. Rb1 c4 20. bxc4 1/2-1/2

[Event "SR 3. liga A2 2017/2018"]
[Site "?"]
[Date "2017.10.22"]
[Round "2.4"]
[White "Cajka, Tibor"]
[Black "Sebesta, Radovan"]
[Result "0-1"]
[WhiteElo "2055"]
[BlackElo "1989"]
[PlyCount "99"]
[EventDate "2017.??.??"]

1. e4 c5 2. Nf3 Nc6 3. Nc3 g6 4. Bc4 Bg7 5. a4 d6 6. O-O Nf6 7. h3 O-O 8. d3 b6
9. Bg5 Bb7 10. Qd2 Rc8 11. Bh6 a6 12. Bxg7 Kxg7 13. Rae1 e5 14. Nh2 Nh5 15. Ng4
Nf4 16. Nd5 h5 17. Ngf6 Nxd5 18. Nxd5 Nd4 19. f4 b5 20. axb5 axb5 21. f5 bxc4
22. Ne7 Qxe7 23. f6+ Qxf6 24. Rxf6 Kxf6 25. dxc4 Rfd8 26. Qf2+ Kg7 27. c3 Ne6
28. Rf1 Rd7 29. Qf6+ Kg8 30. Qh4 Ba6 31. b3 Rb8 32. Ra1 Ra8 33. b4 Rda7 34. b5
Bb7 35. Rxa7 Rxa7 36. Qe7 Ra1+ 37. Kf2 Bxe4 38. Qxd6 Ra2+ 39. Ke3 Bxg2 40. Qxe5
Bf1 41. Qb8+ Kh7 42. b6 Re2+ 43. Kd3 Nf4+ 44. Qxf4 Rf2+ 45. Ke3 Rxf4 46. b7
Re4+ 47. Kxe4 Bg2+ 48. Ke5 Bxb7 49. Kd6 f5 50. Kxc5 0-1

[Event "SR 3. liga A2 2017/2018"]
[Site "?"]
[Date "2017.10.22"]
[Round "2.4"]
[White "Palka, Miroslav"]
[Black "Pericka, Tomas"]
[Result "0-1"]
[WhiteElo "1920"]
[BlackElo "2018"]
[PlyCount "38"]
[EventDate "2017.??.??"]

1. e4 c5 2. c4 Nc6 3. Nc3 g6 4. g3 Bg7 5. Bg2 d6 6. Nge2 h5 7. d3 h4 8. Be3 h3
9. Bf3 Ne5 10. Ng1 Nxf3+ 11. Qxf3 Nf6 12. Qe2 Ng4 13. Bd2 Qb6 14. O-O-O Bd7 15.
f3 Ne5 16. Nd5 Nxd3+ 17. Kc2 Qxb2+ 18. Kxd3 Qd4+ 19. Kc2 Ba4+ 0-1

[Event "SR 3. liga A2 2017/2018"]
[Site "?"]
[Date "2017.10.22"]
[Round "2.4"]
[White "Diviak, Rastislav"]
[Black "Palka, Martin"]
[Result "1-0"]
[WhiteElo "1953"]
[BlackElo "1874"]
[PlyCount "79"]
[EventDate "2017.??.??"]

1. e4 c6 2. d4 d5 3. Nc3 dxe4 4. Nxe4 Bf5 5. Ng3 Bg6 6. h4 h6 7. Nf3 Nf6 8. h5
Bh7 9. Bd3 Bxd3 10. Qxd3 e6 11. Bd2 Bd6 12. Ne4 Nxe4 13. Qxe4 Nd7 14. O-O-O Nf6
15. Qe2 Qc7 16. g3 O-O-O 17. c4 c5 18. Bc3 Rhe8 19. Kb1 a6 20. Ne5 cxd4 21.
Bxd4 Bxe5 22. Bxe5 Qc6 23. Rh4 Rxd1+ 24. Qxd1 Rd8 25. Rd4 Qe4+ 26. Rxe4 Rxd1+
27. Kc2 Nxe4 28. Kxd1 Nxf2+ 29. Ke2 Ne4 30. Bxg7 Nxg3+ 31. Kf3 Nf5 32. Bf8 Kd7
33. Kf4 f6 34. b4 Ke8 35. Bc5 Kf7 36. a4 Ng7 37. Kg4 e5 38. b5 f5+ 39. Kh4 Ne8
40. Ba3 {cierny prekrocil cas} 1-0

[Event "SR 3. liga A2 2017/2018"]
[Site "?"]
[Date "2017.10.22"]
[Round "2.4"]
[White "Skapikova, Lubica"]
[Black "Ocko, Martin"]
[Result "1-0"]
[WhiteElo "1875"]
[BlackElo "1981"]
[PlyCount "103"]
[EventDate "2017.??.??"]

1. e4 c5 2. Nf3 a6 3. Nc3 Nc6 4. d4 cxd4 5. Nxd4 g6 6. Be3 Bg7 7. Qd2 Nf6 8.
Bc4 Ng4 9. Nxc6 bxc6 10. Bd4 O-O 11. Bxg7 Kxg7 12. h3 Ne5 13. Bb3 f6 14. f4 Nf7
15. g4 e5 16. f5 d5 17. exd5 cxd5 18. Bxd5 Rb8 19. Qf2 Qb6 20. Qxb6 Rxb6 21.
Rg1 Ng5 22. Rg3 gxf5 23. gxf5 Kh8 24. h4 Nf7 25. O-O-O Nh6 26. Rdg1 Bxf5 27.
Rg7 Be6 28. Bxe6 Rxe6 29. Rd7 Rg8 30. Rxg8+ Kxg8 31. Ne4 Nf7 32. Ra7 f5 33. Nc5
Rc6 34. Nxa6 f4 35. Kd2 e4 36. Nb4 Rg6 37. Nd5 Rg2+ 38. Kc3 f3 39. Nf6+ Kg7 40.
Nxe4 f2 41. Nxf2 Rxf2 42. b4 Rf5 43. a4 Kg6 44. b5 Ne5 45. a5 Rh5 46. Rc7 Nf7
47. Kb4 Rxh4+ 48. c4 h5 49. a6 Rh1 50. a7 Ra1 51. Rc6+ Kg7 52. Ra6 1-0

[Event "SR 3. liga A2 2017/2018"]
[Site "?"]
[Date "2017.10.22"]
[Round "2.4"]
[White "Jarabek, Milan"]
[Black "Huska, Branislav"]
[Result "0-1"]
[WhiteElo "1738"]
[BlackElo "1799"]
[PlyCount "68"]
[EventDate "2017.??.??"]

1. e4 c5 2. Nf3 d6 3. d4 cxd4 4. Nxd4 Nf6 5. Nc3 a6 6. Bc4 e6 7. Bb3 Be7 8. f3
O-O 9. Be3 Nc6 10. Qe2 Nxd4 11. Bxd4 b5 12. O-O-O Qc7 13. g4 Nd7 14. h4 Nc5 15.
f4 Bd7 16. f5 b4 17. Nb1 Nxb3+ 18. axb3 e5 19. Be3 a5 20. g5 Rfc8 21. f6 Bf8
22. fxg7 Bxg7 23. h5 Be6 24. g6 h6 25. Qd3 a4 26. bxa4 Rxa4 27. Rh2 Ra1 28. b3
Qa5 29. gxf7+ Bxf7 30. Rg1 Qa2 31. Rxg7+ Kxg7 32. Bxh6+ Kh7 33. Kd2 Qxb1 34.
Qf3 Qe1+ 0-1

[Event "SR 3. liga A2 2017/2018"]
[Site "?"]
[Date "2017.10.22"]
[Round "2.4"]
[White "Kubik, Peter"]
[Black "Diviak, Rudolf"]
[Result "1/2-1/2"]
[WhiteElo "1828"]
[BlackElo "1772"]
[PlyCount "22"]
[EventDate "2017.??.??"]

1. b3 e5 2. Bb2 Nc6 3. e3 d5 4. Nf3 f6 5. d4 e4 6. Nfd2 f5 7. c4 Nf6 8. cxd5
Nxd5 9. Nc3 Nxc3 10. Bxc3 Bb4 11. Bxb4 Nxb4 1/2-1/2

[Event "SR 3. liga A2 2017/2018"]
[Site "?"]
[Date "2017.10.22"]
[Round "2.4"]
[White "Skapik, Branislav"]
[Black "Fidericky, Milan"]
[Result "1-0"]
[WhiteElo "1817"]
[BlackElo "1717"]
[PlyCount "93"]
[EventDate "2017.??.??"]

1. c4 c5 2. g3 Nc6 3. Bg2 g6 4. Nc3 Bg7 5. Nf3 Nf6 6. d3 O-O 7. O-O d6 8. Bd2
Rb8 9. Qc1 Re8 10. a3 Nd7 11. Rb1 Nde5 12. Nxe5 Bxe5 13. b4 cxb4 14. axb4 e6
15. Bg5 Ne7 16. Ne4 f5 17. Nf6+ Bxf6 18. Bxf6 Qc7 19. Qh6 Nc6 20. b5 Ne5 21. h3
Qf7 22. Bxe5 dxe5 23. Qe3 b6 24. Qxe5 Bb7 25. Ra1 Bxg2 26. Kxg2 Rbc8 27. Ra4
Rc5 28. Qe3 e5 29. Rfa1 Re7 30. Qf3 Kg7 31. e3 Rcc7 32. g4 e4 33. dxe4 fxe4 34.
Qxf7+ Rxf7 35. Rd1 Kf6 36. Kg3 Ke6 37. Rd4 Rf3+ 38. Kg2 Rcf7 39. Rxe4+ Kd6 40.
Ra2 R3f6 41. Rd2+ Kc7 42. Red4 g5 43. e4 Rf3 44. Rd7+ Rxd7 45. Rxd7+ Kxd7 46.
Kxf3 Kd6 47. Ke3 1-0

[Event "SR 3. liga A2 2017/2018"]
[Site "?"]
[Date "2017.10.22"]
[Round "2.4"]
[White "Zisek, Jaroslav"]
[Black "Ulehla, Jakub"]
[Result "0-1"]
[WhiteElo "1798"]
[BlackElo "1653"]
[PlyCount "102"]
[EventDate "2017.??.??"]

1. c4 c5 2. Nc3 Nc6 3. Nf3 g6 4. d4 cxd4 5. Nxd4 Bg7 6. Nc2 Nf6 7. e4 O-O 8.
Be3 d6 9. Be2 Bd7 10. O-O Rc8 11. Rc1 Ne5 12. b3 a6 13. f3 Qa5 14. Na4 Bxa4 15.
bxa4 Qxa4 16. Nd4 Qxd1 17. Rfxd1 Rc7 18. Nb3 Ned7 19. Rb1 Nc5 20. Na5 Nfd7 21.
Nb3 Na4 22. Rd2 Nc3 23. Rc1 Nxe2+ 24. Rxe2 Nc5 25. Nxc5 dxc5 26. Rd2 Rfc8 27.
Rcd1 Bd4 28. Kf2 e5 29. Rd3 Rd8 30. Rb1 Bxe3+ 31. Kxe3 Rxd3+ 32. Kxd3 Rd7+ 33.
Kc3 Kf8 34. Rb2 Ke8 35. Rb1 Kd8 36. Rb6 Kc7 37. Rf6 b5 38. Rxa6 b4+ 39. Kc2 Rd4
40. Rf6 Rxc4+ 41. Kb2 Rd4 42. Rxf7+ Kc6 43. Rxh7 Rd2+ 44. Kb3 Rd3+ 45. Kc2 c4
46. Rh6 Kc5 47. Rxg6 Re3 48. Kd2 Ra3 49. Re6 Rxa2+ 50. Kc1 Kd4 51. Rb6 Kc3 0-1

[Event "SR 3. liga A2 2017/2018"]
[Site "?"]
[Date "2017.10.22"]
[Round "2.5"]
[White "Pribila, Gerhard"]
[Black "Blatnicky, Miroslav"]
[Result "1/2-1/2"]
[WhiteElo "2125"]
[BlackElo "2113"]
[PlyCount "120"]
[EventDate "2017.??.??"]

1. d4 d5 2. c4 c6 3. Nf3 Nf6 4. Nc3 Bf5 5. cxd5 Nxd5 6. Qb3 Nb6 7. e4 Be6 8.
Qd1 Bg4 9. Be2 e6 10. O-O Be7 11. Be3 O-O 12. Qd3 N8d7 13. Rad1 Qc7 14. Ne1 Nf6
15. h3 Bh5 16. Bxh5 Nxh5 17. Qe2 Nf4 18. Qf3 Ng6 19. Nd3 Rad8 20. b3 Bf6 21. e5
Be7 22. Nf4 Nxf4 23. Bxf4 Nd5 24. Ne4 Qa5 25. Be3 f5 26. exf6 Bxf6 27. Qe2 e5
28. Nxf6+ Nxf6 29. dxe5 Qxe5 30. Qc4+ Kh8 31. Bxa7 Nd5 32. Rde1 Qg5 33. Be3 Qg6
34. Qg4 Qd6 35. Rd1 Rf6 36. Qh4 Rg6 37. Bc5 Qc7 38. Rfe1 h6 39. Be3 Kh7 40. Qd4
Re8 41. Qd3 Qa5 42. Qd2 Qc7 43. Qd3 Qa5 44. Qd2 Qc7 45. Qc2 Nxe3 46. Rxe3 Rxe3
47. fxe3 Qg3 48. Qe4 c5 49. h4 h5 50. Kf1 Kh6 51. Qf4+ Qxf4+ 52. exf4 Rg4 53.
Rd5 c4 54. bxc4 Rxf4+ 55. Ke2 Rxc4 56. Rb5 Rxh4 57. Rxb7 Ra4 58. Rb2 h4 59. Kf2
g5 60. Rc2 Kh5 1/2-1/2

[Event "SR 3. liga A2 2017/2018"]
[Site "?"]
[Date "2017.10.22"]
[Round "2.5"]
[White "Mikudik, Ivan"]
[Black "Danada, Ondrej"]
[Result "1/2-1/2"]
[WhiteElo "1834"]
[BlackElo "1869"]
[PlyCount "83"]
[EventDate "2017.??.??"]

1. d4 e6 2. c4 Nf6 3. Nc3 Bb4 4. Qc2 c5 5. e3 Nc6 6. dxc5 Bxc5 7. a3 d5 8. b4
d4 9. Ne4 Be7 10. Nf3 Nxe4 11. Qxe4 f5 12. Qc2 Bf6 13. exd4 Nxd4 14. Nxd4 Qxd4
15. Ra2 Bd7 16. Be2 Bc6 17. O-O Qe4 18. Bf3 Qxc2 19. Bxc6+ bxc6 20. Rxc2 Ke7
21. Be3 Rhd8 22. a4 Bd4 23. b5 Bxe3 24. fxe3 Rd3 25. Rb1 Rad8 26. c5 Rd1+ 27.
Rxd1 Rxd1+ 28. Kf2 cxb5 29. axb5 Rb1 30. Ra2 Rxb5 31. Rxa7+ Kf6 32. c6 Rc5 33.
c7 e5 34. h3 h6 35. g4 g6 36. Kf3 Rc3 37. gxf5 gxf5 38. Ke2 Kg5 39. Kd2 Rc5 40.
Kd3 Kh4 41. Ra5 Rxc7 42. Rxe5 1/2-1/2

[Event "SR 3. liga A2 2017/2018"]
[Site "?"]
[Date "2017.10.22"]
[Round "2.5"]
[White "Brunovsky, Peter"]
[Black "Podjavorinsky, Michal"]
[Result "1/2-1/2"]
[WhiteElo "1853"]
[BlackElo "1868"]
[PlyCount "82"]
[EventDate "2017.??.??"]

1. d4 Nf6 2. Bf4 g6 3. e3 Bg7 4. h3 c5 5. c3 b6 6. Nf3 O-O 7. Bc4 d5 8. Bd3 Nc6
9. Bh2 c4 10. Bc2 b5 11. a3 a5 12. Nbd2 Bd7 13. O-O Qb6 14. Qe2 Ra7 15. g4 Rfa8
16. Kg2 Rb7 17. Bg3 Qd8 18. Nh2 b4 19. Rfb1 Raa7 20. Qe1 Qc8 21. Ba4 bxc3 22.
bxc3 h5 23. f3 hxg4 24. hxg4 Nd8 25. Qd1 Bc6 26. Qc2 Nd7 27. e4 e6 28. Nhf1 Nb6
29. Bb5 Na8 30. a4 Qd7 31. Bxc6 Nxc6 32. Rxb7 Rxb7 33. Rb1 Nb6 34. Ne3 Nd8 35.
Rb5 Nxa4 36. Rxa5 Rb2 37. Qc1 dxe4 38. fxe4 Bh6 39. Kf3 Bxe3 40. Kxe3 Ra2 41.
Be5 Qe7 1/2-1/2